[Event "Stuttgart-chB int"]
[Site "Ditzingen"]
[Date "2009.05.23"]
[Round "5"]
[White "Schulz, Zdravko"]
[Black "Sigmund, Wolfgang"]
[Result "0-1"]
[WhiteElo "1329"]
[BlackElo "1484"]
[PlyCount "60"]
[EventDate "2009.05.21"]
[EventType "swiss"]
[EventRounds "7"]
[EventCountry "GER"]
[SourceTitle "EXT 2018"]
[Source "ChessBase"]
[SourceDate "2017.10.13"]
[SourceVersion "1"]
[SourceVersionDate "2017.10.13"]
[SourceQuality "1"]

1. e4 e5 2. Nf3 Nc6 3. Bc4 Bc5 4. c3 Nf6 5. d3 d5 6. exd5 Nxd5 7. 0-0 0-0 8. d4 exd4 9. cxd4 Bb6 10. Nc3 Be6 11. Nxd5 Bxd5 12. Bxd5 Qxd5 13. Be3 Rad8 14. Qc2 Nb4 15. Qa4 Qa5 16. Qb3 Nc6 17. Rfd1 Qd5 18. Qc3 Rd6 19. a3 Rfd8 20. Rac1 Qe4 21. Re1 Qg6 22. Ne5 Nxe5 23. dxe5 Rd3 24. Qc2 Bxe3 25. fxe3 Rd2 26. Qxg6 hxg6 27. Rxc7 Rxb2 28. Rec1 Rdd2 29. Ra1 Rxg2+ 30. Kf1 Rxh2 0-1

[Event "Stuttgart-chB int"]
[Site "Ditzingen"]
[Date "2009.05.23"]
[Round "6"]
[White "Sievers, Gerda"]
[Black "Schulz, Zdravko"]
[Result "1-0"]
[WhiteElo "1232"]
[BlackElo "1329"]
[PlyCount "76"]
[EventDate "2009.05.21"]
[EventType "swiss"]
[EventRounds "7"]
[EventCountry "GER"]
[SourceTitle "EXT 2018"]
[Source "ChessBase"]
[SourceDate "2017.10.13"]
[SourceVersion "1"]
[SourceVersionDate "2017.10.13"]
[SourceQuality "1"]

1. e4 e5 2. Nf3 Nc6 3. Bb5 d6 4. d4 exd4 5. Nxd4 Bd7 6. Nxc6 bxc6 7. Bd3 Nf6 8. 0-0 Bg4 9. Qe1 Be7 10. Nc3 0-0 11. b3 Re8 12. Bb2 d5 13. h3 Bh5 14. f3 Bb4 15. Qb1 d4 16. Nd1 Qd6 17. a3 Ba5 18. b4 Bb6 19. Nf2 c5 20. bxc5 Bxc5 21. Qc1 Qg3 22. Nh1 Qd6 23. a4 Bb6 24. a5 Bc5 25. Ba3 Bxa3 26. Rxa3 c5 27. Ra1 Rac8 28. f4 Nxe4 29. Bxe4 Rxe4 30. Ng3 Re3 31. Nf5 Qe6 32. Nxe3 dxe3 33. f5 Qe4 34. f6 Rd8 35. Re1 Rd2 36. Qxd2 Qa8 37. Qxe3 Kf8 38. Qxc5+ Kg8 1-0

[Event "Stuttgart-chB int"]
[Site "Ditzingen"]
[Date "2009.05.21"]
[Round "2"]
[White "Rieder, Josef"]
[Black "Schulz, Zdravko"]
[Result "1-0"]
[WhiteElo "1879"]
[BlackElo "1329"]
[PlyCount "77"]
[EventDate "2009.05.21"]
[EventType "swiss"]
[EventRounds "7"]
[EventCountry "GER"]
[SourceTitle "EXT 2018"]
[Source "ChessBase"]
[SourceDate "2017.10.13"]
[SourceVersion "1"]
[SourceVersionDate "2017.10.13"]
[SourceQuality "1"]

1. e4 e5 2. Nf3 Nc6 3. Bb5 d6 4. h3 g6 5. d4 exd4 6. Nxd4 Bd7 7. 0-0 Bg7 8. c3 Qh4 9. Nf3 Qh5 10. Be2 Qa5 11. Nbd2 b5 12. Nb3 Qb6 13. Be3 Qb7 14. Nbd4 a6 15. Nd2 Nf6 16. f4 Nxd4 17. Bxd4 0-0 18. Bf3 Bc6 19. Qc2 d5 20. e5 Ne4 21. Nb3 Bd7 22. Bxe4 dxe4 23. Nc5 Qd5 24. Nxd7 Qxd7 25. Qxe4 Rfe8 26. Qf3 h5 27. Rad1 Qe6 28. b3 Rad8 29. Rde1 c6 30. Rd1 f5 31. Bb6 Rd7 32. Rxd7 Qxd7 33. Rd1 Qb7 34. Bc5 Bf8 35. Bxf8 Kxf8 36. Rd6 Kf7 37. Rxc6 Re6 38. Rxe6 Qxf3 39. Rf6+ 1-0

[Event "Stuttgart-chB int"]
[Site "Ditzingen"]
[Date "2009.05.21"]
[Round "1"]
[White "Schulz, Zdravko"]
[Black "Knolmayer, Volker"]
[Result "1/2-1/2"]
[WhiteElo "1329"]
[BlackElo "1700"]
[PlyCount "216"]
[EventDate "2009.05.21"]
[EventType "swiss"]
[EventRounds "7"]
[EventCountry "GER"]
[SourceTitle "EXT 2018"]
[Source "ChessBase"]
[SourceDate "2017.10.13"]
[SourceVersion "1"]
[SourceVersionDate "2017.10.13"]
[SourceQuality "1"]

1. e4 e5 2. Nc3 Nf6 3. Bc4 Be7 4. Nf3 d6 5. d4 exd4 6. Qxd4 Nc6 7. Bb5 0-0 8. Bxc6 bxc6 9. 0-0 Be6 10. Bg5 h6 11. Bh4 c5 12. Qd3 Nd7 13. Bxe7 Qxe7 14. Nd5 Qd8 15. c4 c6 16. Nc3 Nb6 17. b3 Qe7 18. a4 Rab8 19. Rfd1 Nc8 20. Rab1 Bg4 21. Re1 Bxf3 22. Qxf3 Qe5 23. Ne2 Ne7 24. Qf4 Ng6 25. Qxe5 Nxe5 26. Red1 Rfd8 27. f4 Ng6 28. g3 Ne7 29. Nc3 a5 30. h4 Rb7 31. Rd3 Nc8 32. e5 Kf8 33. Ne4 Ke7 34. exd6+ Nxd6 35. Nxc5 Rbb8 36. Re1+ Kf6 37. Rxd6+ Rxd6 38. Ne4+ Kg6 39. Nxd6 Rxb3 40. h5+ Kxh5 41. Kh2 Kg4 42. Ne4 Rb2+ 43. Kg1 Kf3 44. Nc3 Kxg3 45. Ne2+ Kf3 46. Nd4+ Kg3 47. Ne2+ Kg4 48. Kf2 g6 49. Rg1+ Kf5 50. Ke3 c5 51. Ng3+ Ke6 52. Rd1 Rb3+ 53. Rd3 Rb4 54. Rc3 f5 55. Kd3 Rxa4 56. Ne2 Rb4 57. Ra3 a4 58. Nc3 g5 59. fxg5 hxg5 60. Nxa4 Kd6 61. Nc3 Rb8 62. Ra6+ Ke5 63. Ra5 Rd8+ 64. Nd5 Rc8 65. Ke3 f4+ 66. Kf3 Kd4 67. Kg4 Rg8 68. Ne7 Re8 69. Nf5+ Kxc4 70. Nd6+ Kb4 71. Rb5+ Ka4 72. Rxc5 Re3 73. Kxg5 f3 74. Rf5 Kb4 75. Kg4 Kc3 76. Kg3 Kd3 77. Kf2 Kd4 78. Ra5 Rb3 79. Ra4+ Kd5 80. Nf5 Kc5 81. Ne3 Rb4 82. Ra3 Rf4 83. Ra1 Kd4 84. Rd1+ Ke4 85. Re1 Kd3 86. Rd1+ Ke4 87. Re1 Kd3 88. Rd1+ Ke4 89. Nf1 Rg4 90. Ng3+ Kf4 91. Rd4+ Kg5 92. Ne4+ Kf5 93. Kxf3 Rf4+ 94. Ke3 Ke5 95. Ra4 Rf1 96. Ra5+ Ke6 97. Kd4 Rd1+ 98. Kc4 Rc1+ 99. Nc3 Kd6 100. Kd4 Rh1 101. Ra6+ Ke7 102. Nd5+ Kd7 103. Nf6+ Ke7 104. Ke5 Re1+ 105. Ne4 Kd7 106. Kd5 Rd1+ 107. Ke5 Re1 108. Kf6 Rxe4 1/2-1/2